Tra(d)ició : de Núria Sala Huetos de Núria Sala Huetos
Descripción Física:
1 targeta postal : il·lustracions ; 15 x 11 cm
Colección:
Factoria IT
; 16/17
Idioma:
Catalán
MARC
| LEADER | 00000nkm a2200000 a 4500 | ||
|---|---|---|---|
| 001 | 25834 | ||
| 003 | Arxiu | ||
| 005 | 20260324181120.0 | ||
| 008 | 220608b spa||||| |||| 00| 0 cat d | ||
| 017 | |a DL B 6647-2016 | ||
| 080 | |a NBM-13-224 | ||
| 245 | |a Tra(d)ició : |b de Núria Sala Huetos | ||
| 246 | 3 | 3 | |a Tradició |
| 260 | |a Barcelona : |b Diputació de Barcelona. Institut del Teatre, |c 2016 | ||
| 300 | |a 1 targeta postal : |b il·lustracions ; |c 15 x 11 cm | ||
| 490 | |a Factoria IT ; |v 16/17 | ||
| 650 | 0 | |9 21513 |a Teatre |x Barcelona (Catalunya) |2 Arxiu | |
| 655 | 0 | |a Targetes postals |9 52685 | |
| 710 | 1 | |a Institut del Teatre (Barcelona, Catalunya) |9 52662 | |
| 942 | |2 udc |n 1 |c ARXIU | ||
| 952 | |0 0 |1 0 |4 0 |6 NBM13224 |7 1 |9 62293 |a Arxiu |b Arxiu |d 2022-06-08 |l 0 |o NBM-13-224 |p 25834 |r 2022-06-08 00:00:00 |w 2022-06-08 |y ARXIU | ||
| 999 | |c 81956 |d 81956 | ||